[Event "101st US Open"]
[Site "Saint Paul USA"]
[Date "2000.08.09"]
[Round "5"]
[White "Nagle,S"]
[Black "Stenzel,H"]
[Result "1-0"]
[WhiteElo "2402"]
[BlackElo "2149"]

1.d4 Nf6 2.Nf3 g6 3.g3 Bg7 4.c4 d6 5.Bg2 O-O 6.O-O c5 7.Nc3 a6 8.dxc5 dxc5
9.Qxd8 Rxd8 10.Be3 Nbd7 11.h3 e6 12.a4 Bf8 13.a5 Re8 14.Nd2 Rb8 15.Na4 b5
16.axb6 Rd8 17.Rfd1 Bb7 18.Bxb7 Rxb7 19.Nb3 Rc8 20.Na5 Rbb8 21.b7 Rc7 22.Ra3 Ne4
23.Rad3 Nef6 24.g4 h6 25.h4 g5 26.hxg5 hxg5 27.Bxg5 Ne4 28.Rxd7 Rxd7 29.Rxd7 Nxg5
30.Nc6  1-0

[Event "Lost Boys Open"]
[Site "Amsterdam NED"]
[Date "2000.08.12"]
[Round "2"]
[White "Kiseleva,N"]
[Black "Burlage,P"]
[Result "1-0"]
[WhiteElo "2323"]
[BlackElo "2239"]

1.d4 Nf6 2.c4 g6 3.g3 Bg7 4.Bg2 O-O 5.Nf3 d6 6.O-O Nc6 7.d5 Na5 8.Nfd2 c5
9.a3 Ne8 10.Ra2 b5 11.cxb5 Bd7 12.a4 a6 13.bxa6 Nc7 14.Na3 Nxa6 15.Nac4 Qc7
16.e4 Rfb8 17.Re1 Bd4 18.Ra3 Nxc4 19.Nxc4 Rb4 20.Bf1 Nb8 21.b3 Na6 22.Bd2 Rb7
23.a5 Nb4 24.Nb6 Raa7 25.Bc4 Be8 26.Qc1 Na6 27.Bc3 Nb4 28.Qd2 Bxc3 29.Qxc3 Qb8
30.Raa1 f6 31.f4 Bf7 32.e5 dxe5 33.fxe5 fxe5 34.Rf1 Qe8 35.Qxe5 Nc2 36.Rxf7 Qxf7
37.d6  1-0

[Event "TCh-ESP"]
[Site "Barcelona ESP"]
[Date "2000.08.12"]
[Round "8"]
[White "Serrano Salvador,E"]
[Black "Fernandez Cazorla,A"]
[Result "1/2-1/2"]
[WhiteElo "2119"]
[BlackElo "2215"]

1.d4 d6 2.Nf3 g6 3.g3 Bg7 4.Bg2 Nf6 5.c4 O-O 6.Nc3 Nbd7 7.O-O c6 8.e4 e5
9.h3 Re8 10.Re1 a5 11.Be3 b6 12.Qc2 Ba6 13.b3 b5 14.dxe5 dxe5 15.cxb5 cxb5
16.Rad1 Qc7 17.Qb2 Rac8 18.Nd5 Nxd5 19.Rxd5 Nb6 20.Rc5 Qe7 21.Rec1 Nd7 22.Rxc8 Rxc8
23.Rxc8+ Bxc8 24.Qc3 Qd8 25.Qc6 b4 26.Bf1 Bf6 27.Kg2 Nb8 28.Qb6 Nd7 29.Qa7 Be7
30.Bc4 Kg7 31.h4 h6 32.Kh2 Bd6 33.Nd2 Bb8 34.Qa8 Qc7 35.Qd5  1/2-1/2

[Event "FSELOA August"]
[Site "Budapest HUN"]
[Date "2000.08.12"]
[Round "8"]
[White "Suranyi,P"]
[Black "Banvolgyi,Z"]
[Result "1-0"]
[WhiteElo "2136"]
[BlackElo "2060"]

1.d4 Nf6 2.c4 g6 3.g3 Bg7 4.Bg2 O-O 5.Nf3 d6 6.O-O Nbd7 7.Nc3 c5 8.d5 Nb6
9.Nd2 e6 10.e4 exd5 11.cxd5 Ng4 12.h3 Ne5 13.Qe2 c4 14.Kh2 Nd3 15.Nxc4 Nxc1
16.Raxc1 Nxc4 17.Qxc4 Bd7 18.Qb4 Qb6 19.Qxb6 axb6 20.Rc2 Bxc3 21.bxc3 Rfc8
22.Rfc1 b5 23.Kg1 Ra3 24.f3 Rca8 25.Ra1 Rc8 26.Rac1 Rca8 27.Kf2 Rxa2 28.Ke3 R2a3
29.Rb2 Rc8 30.Kd2 Rca8 31.h4 Ra2 32.Rxa2 Rxa2+ 33.Rc2 Rxc2+ 34.Kxc2 f5 35.exf5 gxf5
36.Kb3 Kf7 37.Kb4 b6 38.f4 Kg6 39.Bf1 Kh5 40.Be2+ Kg6 41.Bxb5 Bc8 42.Be8+ Kf6
43.Kb5 Ke7 44.Bc6 Bd7 45.Bxd7 Kxd7 46.Kxb6  1-0

[Event "It"]
[Site "Presov SVK"]
[Date "2000.08.14"]
[Round "3"]
[White "Makarov,M"]
[Black "Mrva,M"]
[Result "1-0"]
[WhiteElo "2515"]
[BlackElo "2468"]

1.Nf3 Nf6 2.c4 g6 3.d4 Bg7 4.g3 O-O 5.Bg2 d6 6.O-O Bg4 7.Nc3 Qc8 8.Be3 Re8
9.d5 Bh3 10.Rc1 c5 11.Qd2 Qg4 12.b3 Bxg2 13.Kxg2 Ne4 14.Nxe4 Qxe4 15.Bh6 Bh8
16.Kg1 Nd7 17.Rfe1 a6 18.Ng5 Qd4 19.Qxd4 Bxd4 20.Nf3 Bh8 21.Bf4 b5 22.e4 f6
23.Bd2 Reb8 24.Ba5 Bg7 25.Re2 Bh6 26.Rcc2 Rb7 27.Ne1 Re8 28.Nd3 Ne5 29.Nxe5 fxe5
30.b4 bxc4 31.Rxc4 cxb4 32.Bxb4 Reb8 33.a3 Rb5 34.Kg2 R8b7 35.Rc8+ Kf7 36.Ra8 R5b6
37.h4 Rb8 38.Rxb8 Rxb8 39.Rc2 Ra8 40.Kf1 Ke8 41.Ke2 Kd7 42.Rc6 Bg7 43.Ba5 Bf6
44.Kd3 h5 45.Rc7+ Ke8 46.Bd2 Kd8 47.Rc6 Kd7 48.Be3 Bg7 49.Rb6 Bf6 50.Kc4 Kc7
51.Rc6+ Kd7 52.Kb4 e6 53.Rb6 exd5 54.exd5 Kc7 55.Kc4 Bd8 56.a4 Bf6 57.Kd3 Bd8
58.Ke4 Bf6 59.Rc6+ Kd7 60.a5 Bd8 61.Bb6 Bxb6 62.Rxb6 Rc8 63.Rxa6 Rc4+ 64.Ke3 Rc3+
65.Ke4 Rc4+ 66.Kf3 Rc3+ 67.Kg2 Rc5 68.Ra7+ Kc8 69.a6 Rxd5 70.Rg7 Kb8 71.Rxg6 Ka7
72.Rg5 Rd2 73.Rxh5 e4 74.Kf1 Kxa6 75.Rf5 Kb6 76.h5 Kc6 77.h6 e3 78.fxe3 Rh2
79.Rf6 Kd5 80.Kg1 Rh5 81.Kg2 Ke5 82.Rg6 d5 83.g4 Rh4 84.Kf3 Rh1 85.Rg5+  1-0

[Event "Open"]
[Site "Polanica Zdroj POL"]
[Date "2000.08.17"]
[Round "1"]
[White "Kengis,E"]
[Black "Blimke,D"]
[Result "1-0"]
[WhiteElo "2589"]
[BlackElo "2257"]

1.Nf3 Nf6 2.g3 g6 3.c4 Bg7 4.d4 O-O 5.Bg2 d6 6.O-O Nc6 7.Nc3 a6 8.d5 Ne5
9.b3 c5 10.dxc6 Nxc6 11.Bb2 Ne4 12.Qc1 Nxc3 13.Bxc3 Bxc3 14.Qxc3 Bf5 15.Rfd1 Qc7
16.Rac1 Rac8 17.Qd2 Qa5 18.Qxa5 Nxa5 19.Nd4 Rc7 20.h3 Bd7 21.Nc2 Bc6 22.Ne3 Bxg2
23.Kxg2 Re8 24.b4 Nc6 25.Nd5 Rcc8 26.Nb6 Rcd8 27.a3 Ne5 28.f4 Nd7 29.Nd5 Rc8
30.Kf3 f5 31.g4 fxg4+ 32.hxg4 g5 33.e3 e6 34.Nc3 gxf4 35.exf4 Rxc4 36.Ne4 Rxc1
37.Rxc1 d5 38.Nd6 Re7 39.Rc8+ Kg7 40.Rc7 Kf8 41.Rxb7 h6 42.a4 Nf6 43.Rb8+ Kg7
44.a5 d4 45.b5 axb5 46.a6 Rc7 47.Nxb5  1-0

[Event "It"]
[Site "Presov SVK"]
[Date "2000.08.17"]
[Round "6"]
[White "Makarov,M"]
[Black "Manik,M"]
[Result "1-0"]
[WhiteElo "2515"]
[BlackElo "2425"]

1.Nf3 Nf6 2.c4 g6 3.d4 Bg7 4.g3 O-O 5.Bg2 d6 6.O-O Nbd7 7.Qc2 e5 8.Rd1 Re8
9.e4 exd4 10.Nxd4 a6 11.Nc3 Ng4 12.h3 Nge5 13.b3 Nc6 14.Be3 Nxd4 15.Bxd4 Bxd4
16.Rxd4 b6 17.Rad1 Rb8 18.f4 a5 19.a3 Qe7 20.Nd5 Qd8 21.Qf2 Kg7 22.b4 Nf6
23.Qb2 Bb7 24.R4d2 axb4 25.axb4 Bxd5 26.cxd5 Kg8 27.Re2 g5 28.fxg5 Nh5 29.h4 Nxg3
30.Ree1 Re5 31.Qf2 Nh5 32.Qf3 Ng7 33.Ra1 h6 34.Rf1 hxg5 35.Qxf7+ Kh7 36.hxg5 Qxg5
37.Ra3 Qg6 38.Rh3+ Rh5 39.Rxh5+ Qxh5 40.Qxc7 Re8 41.Qxd6 Re5 42.Qxb6 Rg5
43.Qf2 Qg6 44.b5 Qxe4 45.b6 Qxd5 46.b7 Qb5 47.Qc2+ Nf5 48.Rxf5  1-0

[Event "MSO Ron Banwell mem"]
[Site "London ENG"]
[Date "2000.08.20"]
[Round "1"]
[White "Arkell,K"]
[Black "Warman,S"]
[Result "1-0"]
[WhiteElo "2481"]
[BlackElo "2130"]

1.c4 g6 2.g3 Bg7 3.Bg2 Nf6 4.d4 d6 5.Nf3 O-O 6.O-O c5 7.Nc3 Na6 8.d5 Nc7
9.e4 Rb8 10.a4 a6 11.Re1 e6 12.dxe6 Bxe6 13.Bf4 Nfe8 14.Qd3 b5 15.axb5 axb5
16.cxb5 Nxb5 17.Nxb5 c4 18.Qd2 Rxb5 19.Nd4 Rb6 20.Be3 Rb7 21.Nxe6 fxe6 22.Bd4 Bxd4
23.Qxd4 Qb6 24.Qxb6 Rxb6 25.Re2 Nc7 26.Ra4 c3 27.bxc3 Rb1+ 28.Bf1 Nb5 29.Re3 Rc1
30.Rc4 Na3 31.Rc7 Nc2 32.Re2 Nd4 33.Rb2 Nf3+ 34.Kg2 d5 35.exd5 exd5 36.Rbb7 Ne1+
37.Kh3 Rxf2 38.Rg7+ Kf8 39.Rxh7 Kg8 40.Rbg7+ Kf8 41.Rc7 Kg8 42.Rhg7+ Kh8
43.Rgd7 Kg8 44.Ba6 Rf5 45.Bb7 Rd1 46.Bc8  1-0

[Event "Open"]
[Site "Polanica Zdroj POL"]
[Date "2000.08.20"]
[Round "4"]
[White "Dydyshko,V"]
[Black "Gadjily,R"]
[Result "0-1"]
[WhiteElo "2525"]
[BlackElo "2413"]

1.d4 Nf6 2.c4 g6 3.Nf3 Bg7 4.g3 O-O 5.Bg2 d6 6.Nc3 Nbd7 7.O-O e5 8.h3 Re8
9.e4 exd4 10.Nxd4 a6 11.Re1 Rb8 12.Rb1 c5 13.Nc2 Ne5 14.Bf1 Be6 15.b3 Nh5
16.Nd5 b5 17.cxb5 axb5 18.Kh2 Qa5 19.a3 f5 20.Bb2 fxe4 21.Rxe4 Rf8 22.Ne7+ Kh8
23.Qxd6 Nf3+ 24.Kh1 Bxb2 25.Rxe6 Bg7 26.Nc6 Qc3 27.Qd3 Rb6 28.Rd1 Ng5 29.Qxc3 Bxc3
30.Re3 Rxc6 31.Bg2 Bd4 32.Bxc6 Bxe3 33.Nxe3 Rxf2 34.Nf1 Nf3 35.Bxf3 Rxf3
36.Rc1 b4 37.axb4 cxb4 38.Kg2 Rxb3 39.Rc7 Nf6 40.Rb7 Ne4 41.Re7 Ng5 42.Nd2 Rb2
43.Re2 Kg7 44.h4 Nf7 45.Kf1 h5 46.Ke1 Nd6 47.Re7+ Kf6 48.Rd7 Nf5 49.Rd3 Ra2
50.Rb3 Nd4 51.Rd3 Ke5 52.Re3+ Kd5 53.Re8 Ra6 54.Rb8 Re6+ 55.Kf1 Nc6 56.Rb7 Kd4
57.Kf2 Kc3 58.Nf1 Na5 59.Rc7+ Nc4  0-1

[Event "Open"]
[Site "Porto San Giorgio ITA"]
[Date "2000.08.20"]
[Round "1"]
[White "Ferri,S"]
[Black "Aldrovandi,C"]
[Result "0-1"]
[WhiteElo "2089"]
[BlackElo "2351"]

1.d4 Nf6 2.c4 g6 3.g3 Bg7 4.Bg2 O-O 5.Nf3 d6 6.Nc3 Nc6 7.e4 Bd7 8.O-O Qc8
9.Re1 Bg4 10.Qd3 Nd7 11.Be3 Nb6 12.Nd2 Nb4 13.Qb1 Bh3 14.a3 Nc6 15.Qd3 Bxg2
16.Kxg2 Nd7 17.b4 a6 18.Rac1 Nf6 19.h3 Qd7 20.Nb3 Nh5 21.b5 axb5 22.cxb5 Na5
23.Nd5 Rfc8 24.Nd2 Nf6 25.Nb4 c6 26.a4 Ne8 27.f4 Nc7 28.b6 Na6 29.Na2 Qd8
30.Rb1 c5 31.Rec1 cxd4 32.Bxd4 Bxd4 33.Qxd4 Rxc1 34.Rxc1 Nc5 35.Rb1 Nc6 36.Qb2 Rxa4
37.Qc2 Ra6 38.Nc4 Nd7 39.Qb2 Ra4 40.Rc1 Nc5 41.Qc2 Qa8  0-1

[Event "Open"]
[Site "Porto San Giorgio ITA"]
[Date "2000.08.20"]
[Round "1"]
[White "Badea,B"]
[Black "Agnelli,F"]
[Result "1-0"]
[WhiteElo "2480"]
[BlackElo "2123"]

1.Nf3 Nf6 2.c4 g6 3.g3 Bg7 4.Bg2 d6 5.d4 O-O 6.O-O Nc6 7.d5 Na5 8.Qa4 b6
9.Nbd2 e5 10.e4 Nb7 11.Qc2 a5 12.b3 Nc5 13.Bb2 Ng4 14.h3 Nh6 15.a3 f5 16.b4 axb4
17.axb4 Rxa1 18.Rxa1 Nxe4 19.Nxe4 fxe4 20.Qxe4 Nf7 21.Qe1 Ng5 22.Nxg5 Qxg5
23.Ra7 Qd8 24.c5 bxc5 25.bxc5 dxc5 26.Qa5 Qf6 27.Qxc5 Qb6 28.Qxb6 cxb6 29.f4 Re8
30.Bxe5 Bxe5 31.fxe5 Rxe5 32.d6 Re1+ 33.Kf2 Rd1 34.Ra8 Kg7 35.Rxc8 Rxd6 36.Rc7+ Kh6
37.h4 Re6 38.Bf3 Rf6 39.g4 g5 40.hxg5+ Kxg5 41.Rxh7 Kf4 42.Re7 Rd6 43.Re4+ Kg5
44.Kg3  1-0

[Event "Paul Keres mem"]
[Site "Tallinn EST"]
[Date "2000.08.21"]
[Round "8"]
[White "Timoshin,J"]
[Black "Krupenski,Y"]
[Result "0-1"]
[WhiteElo "2170"]
[BlackElo "2247"]

1.d4 Nf6 2.Nf3 g6 3.c4 Bg7 4.g3 O-O 5.Bg2 d6 6.O-O Nc6 7.Nc3 a6 8.e3 Rb8
9.a4 Na5 10.Nd2 c5 11.d5 e6 12.Qe2 exd5 13.cxd5 b5 14.e4 Re8 15.Qd1 c4 16.Ne2 Nd7
17.Rb1 Nc5 18.axb5 axb5 19.b4 cxb3 20.Bb2 Bxb2 21.Rxb2 Nc4 22.Rb1 Nxd2 23.Qxd2 Nxe4
24.Bxe4 Rxe4 25.Rxb3 Qf6 26.Nc3 Rd4 27.Qe3 Bh3 28.Re1 Kg7 29.Nxb5 Rxd5 30.Nd4 Rxb3
31.Nxb3 Re5 32.Qd2 Qf3  0-1

[Event "Open"]
[Site "Kiel GER"]
[Date "2000.08.23"]
[Round "5"]
[White "Menk,R"]
[Black "Kopylov,M"]
[Result "0-1"]
[WhiteElo "2184"]
[BlackElo "2431"]

1.d4 Nf6 2.c4 g6 3.Nf3 Bg7 4.g3 O-O 5.Bg2 d6 6.O-O Nbd7 7.d5 Nb6 8.Na3 c6
9.dxc6 bxc6 10.c5 Nbd5 11.Nd4 Qd7 12.Bg5 dxc5 13.Bxf6 Bxf6 14.Nxc6 Nb6 15.Qc2 Bb7
16.Rfd1 Qe6 17.Na5 Bxg2 18.Kxg2 Nd5 19.N3c4 Nb4 20.Qd2 Rad8 21.Qxd8 Qe4+
22.Kg1 Rxd8 23.Rxd8+ Kg7 24.Rd2 Bg5 25.e3 h5 26.h4 Bh6 27.a3 Nd5 28.Rad1 Nf6
29.Rd3 Ng4 30.R1d2 g5 31.hxg5 Bxg5 32.b4 h4 33.gxh4 Bxh4 34.Rb3 Qf3 35.e4 Bxf2+
36.Kf1 Nh2+  0-1

[Event "Summer Festival Open"]
[Site "Lisbon POR"]
[Date "2000.08.23"]
[Round "3"]
[White "Frois,A"]
[Black "Gallagher,Jo"]
[Result "1/2-1/2"]
[WhiteElo "2346"]
[BlackElo "2514"]

1.Nf3 Nf6 2.c4 d6 3.d4 g6 4.g3 Bg7 5.Bg2 O-O 6.O-O Nbd7 7.Qc2 e5 8.Rd1 Re8
9.Nc3 c6 10.e4 exd4 11.Nxd4 Qe7 12.b3 Nc5 13.f3 a5 14.Rb1 Nfd7 15.Kh1 f5
16.Bb2 fxe4 17.Nxe4 Nxe4 18.Qxe4 Qxe4 19.fxe4 Nc5 20.Nc2 Nxe4 21.Bxe4 Rxe4
22.Bxg7 Kxg7 23.Rxd6 Bh3 24.Rd2 Rf8 25.Kg1 Re5 26.Nd4 c5 27.Re2 Rxe2 28.Nxe2 g5
29.Nc3 Kg6 30.Rd1 Kf5 31.Re1 Kg6 32.Rd1 Kf5 33.Rd6 Rf6 34.Rxf6+ Kxf6 35.Kf2 Ke5
36.Ke3 h6 37.Na4 Kd6 38.Nc3 Ke5 39.Na4 Kd6 40.Nc3 b6 41.Na4 Kc6 42.Nc3 Kd6
43.Na4 Kc6 44.Nc3 Kd6  1/2-1/2

[Event "Summer Festival Open"]
[Site "Lisbon POR"]
[Date "2000.08.24"]
[Round "4"]
[White "Horvath,Jo"]
[Black "Santos,CP"]
[Result "1-0"]
[WhiteElo "2558"]
[BlackElo "2385"]

1.Nf3 d6 2.d4 Nf6 3.c4 g6 4.g3 Bg7 5.Bg2 O-O 6.O-O c5 7.d5 a6 8.Nc3 e5 9.dxe6 Bxe6
10.Bf4 Qb6 11.Na4 Qa5 12.Bxd6 Rd8 13.Nxc5 Qb6 14.Nxe6 Rxd6 15.Ned4 Nc6 16.e3 Qxb2
17.c5 Rdd8 18.Qa4 Nd7 19.Rab1 Nxc5 20.Qc4 Qa3 21.Nxc6 bxc6 22.Ng5 Ra7 23.Qh4 h6
24.Nxf7  1-0

[Event "Open"]
[Site "Abudhabi UAE"]
[Date "2000.08.29"]
[Round "4"]
[White "Matveeva,S"]
[Black "Babaev,R"]
[Result "1-0"]
[WhiteElo "2440"]
[BlackElo "2322"]

1.d4 Nf6 2.c4 g6 3.Nf3 Bg7 4.g3 O-O 5.Bg2 d6 6.Nc3 Nbd7 7.O-O e5 8.e4 c6
9.h3 Qb6 10.dxe5 dxe5 11.a3 Qc5 12.b3 Qe7 13.b4 Ne8 14.c5 Nc7 15.Bg5 f6 16.Be3 Ne6
17.Qb3 Kh8 18.Rad1 Re8 19.Nd2 f5 20.exf5 gxf5 21.Ne2 e4 22.Nc4 Ne5 23.Nd6 Rf8
24.f3 exf3 25.Bxf3 Ng5 26.Bg2 Be6 27.Bxg5 Qxd6 28.Qc2 Qc7 29.Nd4 Qf7 30.g4 Bc4
31.Rxf5 Qg8 32.Qd2 Rfe8 33.Bf6 Ng6 34.Qc3 Ba2  1-0

[Event "6th WUCC Women"]
[Site "Golden Sands BUL"]
[Date "2000.09.02"]
[Round "2"]
[White "Guseva,O"]
[Black "Lomineishvili,M"]
[Result "1/2-1/2"]
[WhiteElo "2173"]
[BlackElo "2376"]

1.d4 Nf6 2.Nf3 g6 3.g3 Bg7 4.Bg2 O-O 5.c4 d6 6.O-O Nc6 7.Nc3 a6 8.d5 Na5
9.Qd3 c5 10.dxc6 Nxc6 11.Rd1 Bf5 12.e4 Bg4 13.Qe3 Ne5 14.c5 Qc8 15.cxd6 exd6
16.Nd5 Nxd5 17.Rxd5 Nc4 18.Qe2 Re8 19.h3 Be6 20.Rd1 Qc5 21.Rb1 Rac8 22.b3 Na3
23.Be3 Qc2 24.Qxc2 Rxc2 25.Rbc1 Rxa2 26.Rxd6 Bb2 27.Rc5 Bxb3 28.Rb6 Bc2 29.Nd2 Bg7
30.Rxb7 Nb5 31.Rd5 Bf8 32.Rdd7 Nd6 33.Rbc7 Ba4 34.e5 Bxd7 35.exd6 Be6 36.Ne4 Bg7
37.Bg5 Ra1+ 38.Kh2 Rd1 39.Be7 Bf5 40.Nc5 Be5 41.Bc6 Rb8 42.Nd7 Bxd7 43.Rxd7 Rd2
44.Kg2 a5 45.Kf3 Rd4 46.Ke3 g5 47.Ra7 Rb3+ 48.Ke2 Bxd6 49.Bf6 Bb8 50.Bxd4 Bxa7
51.Bxa7 a4 52.Bd4 a3 53.Bd5 Rb5 54.Ba2 Kf8 55.Kd3 h5 56.Kc4 Rf5 57.Kb4 h4
58.gxh4 Rf4 59.Kc3 Rxh4 60.Bc5+ Ke8 61.Bxa3 Rxh3+ 62.Kb2 Rh2 63.Bc5 g4 64.Kc3 g3
65.Bxf7+ Kxf7  1/2-1/2

[Event "New York State Ch"]
[Site "Saratoga Springs NY USA"]
[Date "2000.09.03"]
[Round "3"]
[White "Byrne,R"]
[Black "Golyak,I"]
[Result "1-0"]
[WhiteElo "2439"]
[BlackElo "2398"]

1.d4 Nf6 2.c4 d6 3.Nf3 g6 4.g3 Bg7 5.Bg2 O-O 6.O-O Nbd7 7.Nc3 e5 8.e4 c6
9.Rb1 a5 10.h3 Re8 11.Be3 Qc7 12.Re1 Nh5 13.Qe2 Nf8 14.Rbd1 b6 15.dxe5 dxe5
16.Qd2 Be6 17.Qd6 Qb7 18.Na4 Rad8 19.Qxd8 Rxd8 20.Rxd8 Bf6 21.Rd2 Be7 22.Nxe5 Bb4
23.Nc3 f6 24.Nd3 Bxc4 25.Nxb4 axb4 26.Na4 c5 27.e5 Qa7 28.b3 fxe5 29.Nxc5 bxc5
30.bxc4 Nf6 31.Bg5 N6d7 32.f4 Kg7 33.fxe5 Ne6 34.Bf6+ Kh6 35.Bd5 Nd4 36.Rf2 Qa3
37.Kg2 Qc3 38.h4 Nf5 39.Bg5+ Kg7 40.Rxf5 gxf5 41.e6 Nf6 42.Re2 Qd3 43.Rd2 Qc3
44.e7 Ne8 45.Bc6 h6 46.Bf4 Kf7 47.Bxh6 Kxe7 48.Re2+ Kf6 49.Bg5+ Kg7 50.Re7+ Kf8
51.Rxe8+ Kf7 52.Rd8 f4 53.Bxf4 Qc2+ 54.Rd2 Qc3 55.h5  1-0

[Event "6th WUCC"]
[Site "Golden Sands BUL"]
[Date "2000.09.05"]
[Round "5"]
[White "Batzorig,T"]
[Black "Hochstrasser,M"]
[Result "1-0"]
[WhiteElo "2140"]
[BlackElo "2291"]

1.d4 Nf6 2.Nf3 g6 3.g3 Bg7 4.Bg2 O-O 5.c4 d6 6.O-O Nc6 7.Nc3 Bf5 8.d5 Na5
9.Nd4 Bd7 10.Qd3 c5 11.Nc2 a6 12.a4 b5 13.axb5 axb5 14.cxb5 Qb8 15.Na3 Nb3
16.Rb1 Ng4 17.h3 Nf6 18.Bg5 h6 19.Bxf6 exf6 20.Nc4 f5 21.b6 Na5 22.b3 Nxc4
23.bxc4 Ra6 24.b7 Ra7 25.Nb5 Rxb7 26.Rb3 Bxb5 27.cxb5 Qc7 28.Qc4 Ra8 29.h4 h5
30.Rfb1 Qb6 31.e4 fxe4 32.Bxe4 Rba7 33.Rf3 Ra4 34.Qd3 c4 35.Qc2 Qd4 36.b6 Ra1
37.b7 Rb8 38.Kg2 Rxb1 39.Qxb1 c3 40.Rf4 Qa7 41.Bxg6 Rxb7 42.Bh7+ Kf8 43.Qf5 Rc7
44.Qg5 Rc8 45.Bf5 c2 46.Bxc8 Bd4 47.Qh6+ Kg8 48.Rf5 Bg7 49.Rg5 f6 50.Be6+ Kf8
51.Qh7  1-0

[Event "chT-POL"]
[Site "Zakopane chT"]
[Date "2000.09.06"]
[Round "5"]
[White "Grycel,K"]
[Black "Blehm,P"]
[Result "0-1"]
[WhiteElo "2218"]
[BlackElo "2510"]

1.d4 Nf6 2.c4 g6 3.g3 Bg7 4.Bg2 d6 5.Nf3 O-O 6.O-O Nc6 7.Nc3 a6 8.Qd3 Nd7
9.b3 Rb8 10.Bb2 e6 11.Rac1 b5 12.cxb5 axb5 13.e3 Bb7 14.Qd2 Ne7 15.Rfd1 Nf6
16.a3 Qd7 17.Qc2 Bh6 18.Ra1 Ned5 19.Nb1 Ng4 20.e4 Nde3 21.fxe3 Bxe3+ 22.Kf1 f5
23.e5 f4 24.Ke2 fxg3 25.hxg3 Bxf3+ 26.Bxf3 Nh2 27.Kxe3 Rxf3+ 28.Ke2 Rbf8
29.Nd2 Rxg3 30.Rg1 Qf7 31.Rxg3 Qf2+ 32.Kd1 Qxg3 33.Qe4 Nf1 34.Qe1 Qd3 35.Kc1 Nxd2  0-1

[Event "6th WUCC"]
[Site "Golden Sands BUL"]
[Date "2000.09.08"]
[Round "8"]
[White "Matthiesen,A"]
[Black "Stojanov,St"]
[Result "1-0"]
[WhiteElo "2292"]
[BlackElo "2111"]

1.d4 Nf6 2.Nf3 g6 3.c4 Bg7 4.g3 O-O 5.Bg2 d6 6.O-O Nbd7 7.Nc3 e5 8.h3 Re8
9.e4 exd4 10.Nxd4 Nc5 11.Re1 a5 12.Ndb5 Bd7 13.Qc2 Qc8 14.Kh2 Bc6 15.Bf4 h6
16.Rad1 Nh5 17.Be3 Nf6 18.Bxc5 dxc5 19.e5 Bxg2 20.Kxg2 Nh7 21.f4 Nf8 22.Nd5 Ne6
23.f5 gxf5 24.Qxf5 Nd4 25.Qxc8 Raxc8 26.Nbxc7 Kf8 27.Nxe8 Rxe8 28.Nf6 Rd8
29.g4 Ke7 30.Nh5 Nc2 31.Nxg7  1-0

[Event "6th WUCC"]
[Site "Golden Sands BUL"]
[Date "2000.09.09"]
[Round "9"]
[White "Matthiesen,A"]
[Black "Bucher,D"]
[Result "1/2-1/2"]
[WhiteElo "2292"]
[BlackElo "2350"]

1.d4 Nf6 2.Nf3 g6 3.c4 Bg7 4.g3 O-O 5.Bg2 d6 6.O-O c5 7.Nc3 Nc6 8.dxc5 dxc5
9.Be3 Qa5 10.Qa4 Qxa4 11.Nxa4 b6 12.Rad1 Bd7 13.Nc3 Rad8 14.h3 h6  1/2-1/2

[Event "chT-POL"]
[Site "Zakopane chT"]
[Date "2000.09.10"]
[Round "8"]
[White "Pieniazek,Ar"]
[Black "Markowski,T"]
[Result "1/2-1/2"]
[WhiteElo "2394"]
[BlackElo "2568"]

1.d4 Nf6 2.c4 g6 3.Nf3 Bg7 4.g3 O-O 5.Bg2 d6 6.Nc3 Nc6 7.d5 Na5 8.b3 a6 9.Bb2 Rb8
10.O-O b5 11.cxb5 axb5 12.Rc1 b4 13.Na4 Bb7 14.Ne1 Qd7 15.Nc2 Ba8 16.Qd3 c5
17.dxc6 Bxc6 18.Bxc6 Nxc6 19.Ne3 Nh5 20.Bxg7 Kxg7 21.Nd5 Rfd8  1/2-1/2

[Event "chT-POL"]
[Site "Zakopane chT"]
[Date "2000.09.12"]
[Round "10"]
[White "Grabarczyk,M"]
[Black "Markowski,T"]
[Result "1/2-1/2"]
[WhiteElo "2495"]
[BlackElo "2568"]

1.d4 Nf6 2.c4 g6 3.Nf3 Bg7 4.g3 O-O 5.Bg2 d6 6.O-O Nc6 7.Nc3 Rb8 8.Qd3 Nb4
9.Qd1 a6 10.d5 a5 11.Nd4 Bd7 12.Rb1 Qc8 13.b3 c6 14.a3 Na6 15.Bb2 Qc7 16.Qd2 e5
17.dxe6 fxe6 18.Nf3 Rbd8 19.Ba1 e5 20.Ng5 Bf5 21.Nge4 Nxe4 22.Bxe4 Nc5 23.Bxf5 gxf5
24.b4 axb4 25.axb4 Ne6 26.f4 Qb6+ 27.e3 exf4 28.gxf4 Rfe8 29.Ne2 Bxa1 30.Rxa1 Ng7
31.Rf3 Re6  1/2-1/2

[Event "chT-POL"]
[Site "Zakopane chT"]
[Date "2000.09.12"]
[Round "10"]
[White "Pieniazek,Ar"]
[Black "Antoniewski,R"]
[Result "1/2-1/2"]
[WhiteElo "2394"]
[BlackElo "2446"]

1.d4 Nf6 2.c4 g6 3.Nf3 Bg7 4.g3 O-O 5.Bg2 d6 6.O-O Nc6 7.Nc3 a6 8.d5 Na5
9.Nd2 c5 10.Rb1 Rb8 11.b3 b5 12.Bb2  1/2-1/2

[Event "chT-POL"]
[Site "Zakopane chT"]
[Date "2000.09.13"]
[Round "11"]
[White "Stempin,P"]
[Black "Ciruk,J"]
[Result "0-1"]
[WhiteElo "2413"]
[BlackElo "2261"]

1.d4 Nf6 2.Nf3 g6 3.c4 Bg7 4.g3 O-O 5.Bg2 d6 6.Nc3 Nc6 7.O-O a6 8.b3 Bd7
9.Bb2 Rb8 10.Nd5 Nh5 11.e4 b5 12.cxb5 axb5 13.e5 e6 14.Ne3 Ne7 15.Nd2 f6
16.f4 fxe5 17.dxe5 Nc6 18.Ng4 d5 19.Nf3 Qe7 20.Rc1 Rfc8 21.Qd2 b4 22.Nf2 Bh6
23.Nd3 Bf8 24.Rf2 Rb5 25.g4 Ng7 26.f5 gxf5 27.Rxc6 Bxc6 28.Nd4 Be8 29.gxf5 Nxf5
30.Rxf5 exf5 31.Nxf5 Qf7 32.Bh3 Qg6+ 33.Kh1 Rd8 34.Nf4 Qg5 35.Nd4 Rb6 36.Nde6 Rxe6
37.Bxe6+ Kh8 38.Bxd5 c6 39.e6+ Bg7  0-1

[Event "World Seniors"]
[Site "Rowy POL"]
[Date "2000.09.19"]
[Round "8"]
[White "Shestoperov,A"]
[Black "Lapienis,D"]
[Result "1-0"]
[WhiteElo "2428"]
[BlackElo "2292"]

1.Nf3 Nf6 2.c4 g6 3.g3 Bg7 4.Bg2 d6 5.d4 O-O 6.Nc3 Nc6 7.O-O Bf5 8.b3 Ne4
9.Bb2 a5 10.Na4 Bd7 11.d5 Nb4 12.Bxg7 Kxg7 13.Ne1 Bxa4 14.Bxe4 Bd7 15.Bg2 Qc8
16.Qd2 c5 17.a3 Na6 18.a4 Nb4 19.e4 Bh3 20.f4 f6 21.Nf3 Bxg2 22.Kxg2 e6 23.Rad1 Ra6
24.h4 Re8 25.e5 exd5 26.exf6+ Kxf6 27.f5 Ke7 28.f6+ Kd7 29.f7 Rf8 30.cxd5 c4
31.Rc1 Qc5 32.bxc4 Rxf7 33.Ne5+ dxe5 34.Rxf7+ Kc8 35.Rcf1 Kb8 36.Qc3 Qd4
37.Qxd4 exd4 38.Rxh7 d3 39.c5 Nxd5 40.Rf8+ Ka7 41.Rhh8 Nc7 42.Rd8 Nd5 43.Rdf8 Nc7
44.Rd8 Rc6 45.Rxd3 Rxc5 46.Rd6 g5 47.h5 g4 48.Rc8  1-0

[Event "ch-PER"]
[Site "Lima PER"]
[Date "2000.09.29"]
[Round "2"]
[White "Alarcon,Ru"]
[Black "Garcia,Ja"]
[Result "1-0"]
[WhiteElo "2188"]
[BlackElo "2314"]

1.d4 Nf6 2.c4 g6 3.Nf3 Bg7 4.g3 O-O 5.Bg2 d6 6.O-O Nbd7 7.Nc3 e5 8.d5 a5
9.Qc2 Nc5 10.Nd2 Bd7 11.e4 c6 12.b3 cxd5 13.exd5 Qb6 14.Rb1 Rfc8 15.Nde4 Nfxe4
16.Nxe4 Nxe4 17.Bxe4 f5 18.Bg2 Qa6 19.a4 Qb6 20.Be3 Qd8 21.Qd2 b6 22.Rfe1 Rab8
23.f3 Bf6 24.Kh1 Qc7 25.Qf2 Rf8 26.f4 exf4 27.gxf4 Qd8 28.Rg1 Re8 29.Bf3 Bh4
30.Qd2 Qe7 31.Bd4 Bf6 32.Rbe1 Qg7 33.Rxe8+ Bxe8 34.Be3 Bh4 35.Bd4 Bf6 36.Bf2 Bd7
37.Rc1 Kf7 38.b4 axb4 39.Qxb4 Qf8 40.Bxb6 Bd4 41.a5 Bc5 42.Qb3 Qh6 43.Qc3 Bxb6
44.axb6 Rxb6 45.Qd4 Ra6 46.Qh8 Ra2 47.Bg2 Qh4 48.Rf1 Re2 49.Qb8 Qe7 50.Qh8 Qh4
51.Qc3 Qg4 52.Bh3 Qh4 53.Qa3 Qe7 54.Bg2 Re1 55.Kg1 Re3 56.Qb2 Qf6 57.Qb6 Re7
58.h3 Ba4 59.Rf2 Bd7 60.Ra2 h6 61.Ra6 Re1+ 62.Kh2 Re2 63.Kg1 Qc3 64.Ra7 Re7
65.Kh2 Qxc4 66.Qxd6  1-0

[Event "ch-USA Women"]
[Site "Seattle USA"]
[Date "2000.10.02"]
[Round "7"]
[White "Baginskaite,C"]
[Black "Groberman,E"]
[Result "1/2-1/2"]
[WhiteElo "2287"]
[BlackElo "2054"]

1.d4 Nf6 2.c4 g6 3.g3 Bg7 4.Bg2 O-O 5.Nf3 d6 6.O-O Nbd7 7.Nc3 e5 8.e4 c6
9.h3 a5 10.Be3 a4 11.dxe5 dxe5 12.Qc2 Qa5 13.Rfd1 Re8 14.Rab1 Bf8 15.Ne1 Nc5
16.b4  1/2-1/2

[Event "Tatry Open"]
[Site "Tatranske Zruby SVK"]
[Date "2000.10.07"]
[Round "1"]
[White "Volodin,V"]
[Black "Rezak,M"]
[Result "1/2-1/2"]
[WhiteElo "2367"]
[BlackElo "2055"]

1.Nf3 Nf6 2.c4 g6 3.d4 Bg7 4.g3 d6 5.Bg2 O-O 6.O-O Nc6 7.Nc3 e5 8.d5 Na5
9.Nd2 b6 10.b4 Nb7 11.Bb2 Ne8 12.Rc1 a5 13.a3 Rb8 14.Nb5 Bd7 15.Na7 axb4
16.axb4 Qe7 17.Nc6 Bxc6 18.dxc6 Nd8 19.Ba3 Ne6 20.Nb3 Ra8 21.Bb2 Ra4 22.Qd2 Nf6
23.Ra1 Rfa8 24.Rxa4 Rxa4 25.Ra1 Rxa1+ 26.Bxa1 Ne8 27.Bd5 Kf8 28.Qe3 f5 29.f4 e4
30.Bxg7+ N8xg7 31.Nd4 Qf6 32.Nxe6+ Nxe6 33.Bxe6 Qxe6 34.Qd4 Ke7 35.Kf2 Qf6
36.Qd5 Qf7 37.Qxf7+ Kxf7 38.Ke3 Ke6 39.Kd4 h6 40.e3 Kf6 41.Kd5 Ke7 42.h3 h5
43.Kd4 Ke6 44.Kc3 Ke7 45.Kb3 Ke6 46.Kc3 Kf6 47.Kd4 Ke6 48.c5 dxc5+ 49.bxc5 bxc5+
50.Kxc5 Ke7 51.Kd5 Kf7 52.Ke5 Ke7  1/2-1/2

[Event "Tatry Open"]
[Site "Tatranske Zruby SVK"]
[Date "2000.10.08"]
[Round "2"]
[White "Vavrak,P"]
[Black "Urbankova,E"]
[Result "1-0"]
[WhiteElo "2361"]
[BlackElo "2175"]

1.d4 Nf6 2.Nf3 g6 3.c4 Bg7 4.g3 O-O 5.Bg2 d6 6.O-O Nbd7 7.Nc3 e5 8.e4 exd4
9.Nxd4 Re8 10.Re1 a5 11.h3 Nc5 12.f3 c6 13.Be3 a4 14.Qc2 Nfd7 15.Rad1 Qa5
16.f4 Qb4 17.Bf1 a3 18.b3 Ne6 19.Nde2 Nf6 20.Bg2 Nc5 21.Bf2 Na6 22.Na4 Nd7
23.Rf1 Qa5 24.Rxd6 Nb4 25.Qb1 Bf8 26.Rd2 h5 27.Rfd1 h4 28.Rxd7 Bxd7 29.Rxd7 b5
30.cxb5 cxb5 31.Nac3 hxg3 32.Nxg3 Rac8 33.Nge2 Red8 34.Rb7  1-0

[Event "FSGM October"]
[Site "Budapest HUN"]
[Date "2000.10.10"]
[Round "4"]
[White "Csom,I"]
[Black "Soos,B"]
[Result "1/2-1/2"]
[WhiteElo "2478"]
[BlackElo "2364"]

1.c4 g6 2.Nf3 Bg7 3.d4 d6 4.g3 Nf6 5.Bg2 O-O 6.Nc3 Bg4 7.O-O Qc8 8.Re1 Re8
9.Qb3 Nc6 10.d5 Bxf3 11.exf3 Nd4 12.Qd1 c5 13.dxc6 Nxc6  1/2-1/2